MANAGERIAL ECONOMICS: THEORY AND APPLICATIONS (Record no. 8852)

MARC details
000 -LEADER
fixed length control field 00579nam a22001697a 4500
003 - CONTROL NUMBER IDENTIFIER
control field SGT
020 ## - INTERNATIONAL STANDARD BOOK NUMBER
International Standard Book Number 9780070435780
082 ## - DEWEY DECIMAL CLASSIFICATION NUMBER
Classification number 658.15, TRI
100 ## - MAIN ENTRY--PERSONAL NAME
Personal name TRIVEDI,M.L
245 ## - TITLE STATEMENT
Title MANAGERIAL ECONOMICS: THEORY AND APPLICATIONS
250 ## - EDITION STATEMENT
Edition statement 1ST
260 ## - PUBLICATION, DISTRIBUTION, ETC. (IMPRINT)
Place of publication, distribution, etc NEW DELHI
Name of publisher, distributor, etc TATA MCGRAW HILL
Year of Publication 2009
300 ## - PAGE DESCRIPTION
No. of Pages 746
650 ## - SUBJECT ADDED ENTRY--TOPICAL TERM
Topical term or geographic name as entry element MANAGEMENT
653 ## - KEYWORDS--INDEX TERM
Keyword term ECONOMICS AND MANAGEMENT, NATURE AND SCOPE OF MANAGERIAL ECONOMICS, ECONOMIC MODELLING AND THE TECHNIQUES OF ANALYSIS, THEORIES OF THE FIRM, THE MARKET: AN INVISIBLE HAND, PRODUCTION AND COST ANALYSIS
942 ## - ADDED ENTRY ELEMENTS (KOHA)
Source of classification or shelving scheme Dewey Decimal Classification
Koha item type FCM Books
942 ## - ADDED ENTRY ELEMENTS (KOHA)
-- 5
Holdings
Withdrawn status Lost status Source of classification or shelving scheme Damaged status Not for loan Collection code Home library Current library Shelving location Date acquired Vendor Name Cost, normal purchase price SGTU Bill Number Total Checkouts Full call number Accession No. (Barcode) Date last seen Date last borrowed Bill Date Koha item type
    Dewey Decimal Classification     COMMERCE MANAGEMENT SGT Science & Social Sciences Library SGT Science & Social Sciences Library On Display 31/05/2016 IBH 445.00 SGTU 8777 7 658.15, TRI CM38 03/01/2025 20/12/2024 25/08/2013 FCM Books